[Event "40th Olympiad Women"]
[Site "Istanbul TUR"]
[Date "2012.08.28"]
[Round "1.29"]
[Board "2"]
[White "Brunello, Marina"]
[Black "Lopang, Tshepiso"]
[Result "1-0"]
[WhiteTitle "WIM"]
[BlackTitle "WFM"]
[WhiteElo "2239"]
[BlackElo "1838"]
[WhiteTeam "Italy"]
[BlackTeam "Botswana"]
[WhiteFideId "822590"]
[BlackFideId "11300515"]
[EventDate "2012.08.28"]

1. e4 d5 2. exd5 Qxd5 3. Nc3 Qa5 4. d4 Nf6 5. Bc4 Bg4 6. f3 Bh5 7. Bd2 c6 8. Nd5
Qd8 9. Nxf6+ exf6 10. Qe2+ Qe7 11. O-O-O Nd7 12. Qf1 O-O-O 13. d5 cxd5 14. Bxd5
Nb6 15. Bb3 Qe5 16. Kb1 Bg6 17. Ne2 Bc5 18. Bf4 Qe7 19. Nc3 Rxd1+ 20. Qxd1 Rd8
21. Qc1 a6 22. Re1 Qf8 23. a4 Bd6 24. a5 Nd7 25. Nd5 Kb8 26. Qe3 Ne5 27. Qb6 Rc8
28. Qd4 Nc6 29. Qd2 Be5 30. Nb6 Rd8 31. Nd7+ Rxd7 32. Qxd7 Qb4 33. Bxe5+ Nxe5
34. Qd8+ Ka7 35. Re3 Qc5 36. Rc3 Qb5 37. Rc8 1-0

[Event "40th Olympiad Women"]
[Site "Istanbul TUR"]
[Date "2012.08.28"]
[Round "1.29"]
[Board "3"]
[White "Sabure, Ontiretse"]
[Black "De Rosa, Mariagrazia"]
[Result "0-1"]
[WhiteTitle "WCM"]
[BlackTitle "WFM"]
[WhiteElo "1682"]
[BlackElo "2087"]
[WhiteTeam "Botswana"]
[BlackTeam "Italy"]
[WhiteFideId "11300701"]
[BlackFideId "815136"]
[EventDate "2012.08.28"]

1. e4 g6 2. f4 Bg7 3. Nf3 c6 4. Be2 d5 5. d3 Qb6 6. c3 dxe4 7. dxe4 Nf6 8. e5
Nd5 9. Qd4 Bg4 10. Qxb6 axb6 11. h3 Bf5 12. a3 Nd7 13. c4 Nb4 14. O-O Nc2 15.
Ra2 Nb4 16. Ra1 Nc2 17. Ra2 Nb4 18. Ra1 Nd3 19. Nc3 N3c5 20. Nd4 Bd3 21. Ra2
Bxe2 22. Ncxe2 Nf8 23. Rf3 Nfe6 24. b4 Nxd4 25. Nxd4 Nd7 26. Rd2 e6 27. Nb3
O-O-O 28. c5 bxc5 29. bxc5 Bf8 30. Rc3 Be7 31. Kf2 Nb8 32. Na5 Na6 33. Rdc2 Rd5
34. Be3 Kc7 35. Nb3 Rhd8 36. Nd2 Nxc5 37. Bxc5 Bxc5+ 38. Ke2 Be7 39. g3 Ra8 40.
Ra2 Rda5 41. Nc4 Ra4 42. Kf3 b5 43. Nd6 Bxd6 44. exd6+ Kxd6 45. Rd2+ Kc7 46. Kg4
Rxa3 47. Rc1 Ra2 48. Rd3 R8a3 49. Rd4 Rg2 50. Rh1 Rgxg3+ 51. Kh4 h6 52. Re4 c5 0-1

[Event "40th Olympiad Women"]
[Site "Istanbul TUR"]
[Date "2012.08.28"]
[Round "1.30"]
[Board "1"]
[White "Fierro Baquero, Martha L."]
[Black "Barria, Raisa"]
[Result "1-0"]
[WhiteTitle "IM"]
[BlackTitle "WCM"]
[WhiteElo "2384"]
[BlackElo "1946"]
[WhiteTeam "Ecuador"]
[BlackTeam "Panama"]
[WhiteFideId "3600270"]
[BlackFideId "6600336"]
[EventDate "2012.08.28"]

1. c4 c5 2. g3 Nc6 3. Bg2 Nf6 4. Nc3 d6 5. a3 g6 6. Rb1 a5 7. Nf3 Bg7 8. d3 O-O
9. O-O Bg4 10. h3 Bd7 11. Ne1 Rb8 12. Bd2 Kh8 13. Nc2 Ne8 14. b4 b6 15. e3 Qc8
16. Kh2 Ne5 17. Qe2 f5 18. f4 Nc6 19. b5 Nd8 20. e4 e5 21. Nd5 Rf7 22. exf5 Bxf5
23. Nce3 Bd7 24. Bc3 exf4 25. Bxg7+ Nxg7 26. Nxf4 Nde6 27. Nxg6+ Kg8 28. Rxf7
Kxf7 29. Rf1+ Ke8 30. Nf4 Kd8 31. Ned5 Qb7 32. Nxe6+ 1-0

[Event "40th Olympiad Women"]
[Site "Istanbul TUR"]
[Date "2012.08.28"]
[Round "1.30"]
[Board "2"]
[White "Gonzalez, Yaribeth"]
[Black "Heredia Serrano, Carla"]
[Result "0-1"]
[WhiteTitle "WCM"]
[BlackTitle "WIM"]
[WhiteElo "1796"]
[BlackElo "2242"]
[WhiteTeam "Panama"]
[BlackTeam "Ecuador"]
[WhiteFideId "6600344"]
[BlackFideId "3603687"]
[EventDate "2012.08.28"]

1. e4 c5 2. Nf3 Nc6 3. Bc4 e6 4. e5 d5 5. Bb5 Ne7 6. c3 Bd7 7. d4 Nxe5 8. Bxd7+
Nxd7 9. O-O Nf5 10. Re1 Be7 11. dxc5 Nxc5 12. b4 Nd7 13. g4 Nd6 14. Nd4 O-O 15.
Rxe6 Ne4 16. Rxe7 Qxe7 17. Nf5 Qf6 18. Qxd5 Nxc3 19. Nxc3 Qxc3 20. Qd4 Qxd4 21.
Nxd4 Ne5 22. h3 Rfd8 23. Be3 Rxd4 24. Bxd4 Nf3+ 25. Kg2 Nxd4 26. Rc1 Ne6 27. Rd1
Rd8 28. Rc1 Kf8 29. Rc3 Ke7 30. Kg3 g5 31. h4 h6 32. hxg5 hxg5 33. f3 Rd4 34. a3
Kd7 35. Re3 f6 0-1

[Event "40th Olympiad Women"]
[Site "Istanbul TUR"]
[Date "2012.08.28"]
[Round "1.30"]
[Board "3"]
[White "Moncayo Romero, Evelyn"]
[Black "Arosemena, Betty"]
[Result "1-0"]
[WhiteTitle "WIM"]
[WhiteElo "2163"]
[BlackElo "1657"]
[WhiteTeam "Ecuador"]
[BlackTeam "Panama"]
[WhiteFideId "3600424"]
[BlackFideId "6600425"]
[EventDate "2012.08.28"]

1. e4 e5 2. Nf3 Nc6 3. Nc3 Nf6 4. Bb5 a6 5. Bxc6 dxc6 6. O-O Bg4 7. h3 Bh5 8.
Re1 Bc5 9. d3 h6 10. g4 Bxg4 11. hxg4 Nxg4 12. Be3 Nxe3 13. fxe3 Qf6 14. Qe2
O-O-O 15. Qg2 h5 16. Qh3+ Kb8 17. Qf5 Rde8 18. Qxf6 gxf6 19. Kf2 Reg8 20. Rh1
Kc8 21. Rag1 Rg6 22. Nh4 Rg5 23. Ne2 Be7 24. Ng3 Kd7 25. Nf3 Rg6 26. Nxh5 Rgh6
27. Ng3 Rxh1 28. Rxh1 Rg8 29. Nf5 c5 30. Rh7 Ke6 31. Nh6 Rf8 32. Nh4 b5 33. N4f5
Bd6 34. Kf3 c4 35. d4 c5 36. d5+ Kd7 37. Nxf7 1-0

[Event "40th Olympiad Women"]
[Site "Istanbul TUR"]
[Date "2012.08.28"]
[Round "1.30"]
[Board "4"]
[White "Munoz, Alba"]
[Black "Vasquez Ramirez, Rocio"]
[Result "1/2-1/2"]
[WhiteTitle "WCM"]
[BlackTitle "WIM"]
[WhiteElo "1667"]
[BlackElo "2132"]
[WhiteTeam "Panama"]
[BlackTeam "Ecuador"]
[WhiteFideId "6600514"]
[BlackFideId "3600750"]
[EventDate "2012.08.28"]

1. e4 e6 2. d4 d5 3. exd5 exd5 4. Nf3 Nf6 5. Bd3 c5 6. c3 Nc6 7. O-O Be7 8. dxc5
Bxc5 9. Re1+ Be7 10. Nbd2 O-O 11. Nb3 Bg4 12. h3 Bh5 13. Be3 Ne4 14. Bd4 f5 15.
Be2 Qd6 16. Rc1 a6 17. c4 dxc4 18. Bxc4+ Kh8 19. Be2 Rac8 20. Bc5 Qf6 21. Bxe7
Qxe7 22. Nfd4 Qh4 23. Rf1 Nxd4 24. Nxd4 Rxc1 25. Qxc1 Bxe2 26. Nxe2 f4 27. Nd4
Qf6 28. Nf3 Ng5 29. Nxg5 Qxg5 30. Qc3 f3 31. g3 h5 32. Qb4 Qf5 33. Kh2 Rf6 34.
Re1 b5 35. Re8+ Kh7 36. Qe4 Kg6 37. h4 Rd6 38. Qxf5+ Kxf5 39. Rf8+ Rf6 40. Rc8
Kg4 41. Rc7 g6 42. Rd7 Kf5 43. Rd3 Ke4 44. Re3+ Kd4 45. Kh3 a5 46. a3 a4 47. b3
Rf5 48. bxa4 bxa4 49. g4 Rf4 50. gxh5 gxh5 51. Kg3 Rg4+ 52. Kh3 Rf4 53. Kg3 Kd5 1/2-1/2

[Event "40th Olympiad Women"]
[Site "Istanbul TUR"]
[Date "2012.08.28"]
[Round "1.31"]
[Board "1"]
[White "Baktach, Nesrine"]
[Black "Cmilyte, Viktorija"]
[Result "0-1"]
[BlackTitle "GM"]
[WhiteElo "1760"]
[BlackElo "2520"]
[WhiteTeam "Tunisia"]
[BlackTeam "Lithuania"]
[WhiteFideId "5501628"]
[BlackFideId "12801259"]
[EventDate "2012.08.28"]

1. e4 c5 2. c3 d6 3. d4 Nf6 4. dxc5 Nc6 5. Bd3 d5 6. exd5 Qxd5 7. Nf3 e5 8. Qe2
Bg4 9. Bc4 Qxc5 10. Be3 Bxf3 11. gxf3 Qa5 12. Nd2 Be7 13. Rg1 g6 14. O-O-O Rc8
15. Kb1 a6 16. Ne4 b5 17. Bb3 Qc7 18. Ng5 Rf8 19. Ne4 Na5 20. Bc2 Nh5 21. Bh6
Nc4 22. Bxf8 Kxf8 23. Ng3 Nf4 24. Qe1 b4 25. Bb3 Qb8 26. Ne2 bxc3 27. Nxc3 Nxb2
28. Kxb2 Bb4 29. Qe3 Bxc3+ 30. Kb1 Rc7 31. Rg4 Qb4 32. Rd8+ Kg7 33. Rd1 a5 0-1

[Event "40th Olympiad Women"]
[Site "Istanbul TUR"]
[Date "2012.08.28"]
[Round "1.31"]
[Board "4"]
[White "Paulauskaite, Gintare"]
[Black "Marzouk, Amira"]
[Result "1-0"]
[BlackTitle "WCM"]
[WhiteElo "2053"]
[BlackElo "1694"]
[WhiteTeam "Lithuania"]
[BlackTeam "Tunisia"]
[WhiteFideId "12802964"]
[BlackFideId "5501148"]
[EventDate "2012.08.28"]

1. e4 c5 2. Nf3 d6 3. d4 cxd4 4. Nxd4 Nf6 5. Nc3 g6 6. f4 Nc6 7. Nf3 Nd7 8. Bc4
Bg7 9. O-O O-O 10. Qe1 a6 11. Qh4 e6 12. Be3 Qxh4 13. Nxh4 b5 14. Be2 Nd4 15.
Bd1 Bb7 16. a3 Nc5 17. f5 Be5 18. Bh6 Bg7 19. Bxg7 Kxg7 20. f6+ Kh6 21. Nf3
Nxf3+ 22. Bxf3 Kg5 23. Rad1 Rad8 24. Rd2 Kxf6 25. b4 Ke7 26. bxc5 dxc5 27. Rfd1
Rxd2 28. Rxd2 Rd8 29. Rxd8 Kxd8 30. e5 Bxf3 31. gxf3 Kc7 32. Kf2 Kc6 33. Ke3 b4
34. axb4 cxb4 35. Na2 Kc5 36. Kd3 g5 37. Nc1 a5 38. Nb3+ Kb5 39. Kd4 a4 40. Nc1
h6 41. h3 h5 42. Nd3 a3 43. Nc1 Ka4 44. Kc4 Ka5 45. Na2 Kb6 46. Kxb4 Kc6 47. c4
Kb6 48. c5+ Kc6 49. Kc4 Kb7 50. Kb5 Kc7 51. c6 Kb8 52. Kb6 1-0

[Event "40th Olympiad Women"]
[Site "Istanbul TUR"]
[Date "2012.08.28"]
[Round "1.32"]
[Board "1"]
[White "Salazar, Aura Cristina"]
[Black "Vargas, Gabriela"]
[Result "1-0"]
[WhiteTitle "WFM"]
[BlackTitle "WFM"]
[WhiteElo "2228"]
[BlackElo "2050"]
[WhiteTeam "Colombia"]
[BlackTeam "Paraguay"]
[WhiteFideId "4403312"]
[BlackFideId "3700860"]
[EventDate "2012.08.28"]

1. e4 e6 2. d3 d5 3. Nd2 Nf6 4. Ngf3 dxe4 5. dxe4 Bc5 6. Bd3 e5 7. O-O Bg4 8. h3
Bxf3 9. Qxf3 O-O 10. Nc4 Re8 11. Bg5 Nbd7 12. Ne3 c6 13. Bc4 Qc7 14. Nf5 Bf8 15.
Rad1 Be7 16. Bh6 g6 17. Nxe7+ Rxe7 18. Bg5 b5 19. Bb3 c5 20. c4 Re6 21. cxb5 c4
22. Rc1 Qb6 23. Bxc4 Rd6 24. Rfd1 Rxd1+ 25. Rxd1 Rf8 26. b3 Kg7 27. Qe3 Qxe3 28.
Bxe3 Nb6 29. f3 Nfd7 30. a4 1-0

[Event "40th Olympiad Women"]
[Site "Istanbul TUR"]
[Date "2012.08.28"]
[Round "1.32"]
[Board "2"]
[White "Avalos, Leticia"]
[Black "Franco Valencia, Angela"]
[Result "1/2-1/2"]
[WhiteTitle "WCM"]
[BlackTitle "WFM"]
[WhiteElo "1742"]
[BlackElo "2170"]
[WhiteTeam "Paraguay"]
[BlackTeam "Colombia"]
[WhiteFideId "3702073"]
[BlackFideId "4403070"]
[EventDate "2012.08.28"]

1. d4 d6 2. Nf3 g6 3. Bf4 Bg7 4. e3 Nd7 5. h3 e5 6. Bh2 Nh6 7. Be2 O-O 8. c4 c6
9. Nc3 f5 10. Qb3 Kh8 11. O-O-O Qe7 12. Qa3 Ng8 13. dxe5 dxe5 14. Qd6 Qxd6 15.
Rxd6 e4 16. Ng5 Nc5 17. h4 Nf6 18. Bf4 Nh5 19. Bh2 Nf6 20. Rhd1 h6 21. Nh3 Kh7
22. Kc2 Ne8 23. R6d2 Be6 24. b4 Na6 25. a3 Nac7 26. Nf4 Bf7 27. Rd7 a5 28. Kb3
axb4 29. axb4 b5 30. Nxg6 Kxg6 31. h5+ Kh7 32. Bxc7 Be6 33. Re7 Nxc7 1/2-1/2

[Event "40th Olympiad Women"]
[Site "Istanbul TUR"]
[Date "2012.08.28"]
[Round "1.32"]
[Board "3"]
[White "Franco Valencia, Beatriz Irene"]
[Black "Rojas, Montserrat"]
[Result "1-0"]
[WhiteTitle "WFM"]
[WhiteElo "2253"]
[BlackElo "1605"]
[WhiteTeam "Colombia"]
[BlackTeam "Paraguay"]
[WhiteFideId "4402618"]
[BlackFideId "3701670"]
[EventDate "2012.08.28"]

1. d4 Nf6 2. c4 d6 3. Nf3 g6 4. g3 Bg7 5. Bg2 O-O 6. Nc3 Nbd7 7. O-O e5 8. e4
Re8 9. Rb1 Rb8 10. b3 b6 11. Re1 Bb7 12. Bb2 Re7 13. Qc2 a6 14. Rbd1 Qf8 15.
dxe5 dxe5 16. Nd5 Nxd5 17. cxd5 Qc8 18. Bh3 f6 19. Re3 c5 20. dxc6 Qxc6 21. Rc3
Qxe4 22. Qxe4 Bxe4 23. Bxd7 Rd8 24. Be6+ 1-0

[Event "40th Olympiad Women"]
[Site "Istanbul TUR"]
[Date "2012.08.28"]
[Round "1.32"]
[Board "4"]
[White "Perez, Dalila"]
[Black "Chirivi C, Jenny Astrid"]
[Result "0-1"]
[BlackTitle "WIM"]
[WhiteElo "1760"]
[BlackElo "2212"]
[WhiteTeam "Paraguay"]
[BlackTeam "Colombia"]
[WhiteFideId "3702014"]
[BlackFideId "4403061"]
[EventDate "2012.08.28"]

1. d4 d5 2. Nf3 c6 3. Bf4 Nf6 4. e3 Bf5 5. Bd3 Bg6 6. O-O e6 7. c4 dxc4 8. Bxc4
Nbd7 9. Nc3 Nd5 10. Bg3 Be7 11. Rc1 N7f6 12. Re1 O-O 13. Ne5 Bf5 14. Qb3 Nxc3
15. bxc3 Qb6 16. f3 Qxb3 17. axb3 h5 18. e4 Bh7 19. Ra1 c5 20. Red1 a6 21. Rac1
Rfd8 22. Bh4 Rac8 23. Kf1 Kf8 24. dxc5 Ke8 25. c6 b5 26. Be2 Rxd1+ 27. Rxd1 Ng8
28. Bxe7 Nxe7 29. c4 f6 30. Nd7 b4 31. c5 Rxc6 32. Nb8 Rxc5 33. Nxa6 Rc3 34.
Bb5+ Kf7 35. Bc4 f5 36. e5 Nd5 37. Nc5 Ne3+ 38. Ke2 Nxd1 39. Kxd1 Ke7 40. Nxe6
Rxc4 0-1

[Event "40th Olympiad Women"]
[Site "Istanbul TUR"]
[Date "2012.08.28"]
[Round "1.33"]
[Board "2"]
[White "Tohirjonova, Hulkar"]
[Black "Amal, Gameel"]
[Result "1-0"]
[WhiteTitle "WFM"]
[WhiteElo "2147"]
[BlackElo "1753"]
[WhiteTeam "Uzbekistan"]
[BlackTeam "Yemen"]
[WhiteFideId "14202247"]
[BlackFideId "9400710"]
[EventDate "2012.08.28"]

1. e4 e5 2. Nf3 Nc6 3. d4 exd4 4. Nxd4 Bc5 5. Nb3 Bb6 6. Nc3 h6 7. Bf4 d6 8. Qd2
Be6 9. Bb5 Ne7 10. O-O-O Qd7 11. Nd5 O-O-O 12. a4 a6 13. Bxc6 bxc6 14. Nxb6+
cxb6 15. Bxd6 f6 16. Qb4 Ng6 17. Qxb6 Qb7 18. Qxb7+ Kxb7 19. Nc5+ 1-0

[Event "40th Olympiad Women"]
[Site "Istanbul TUR"]
[Date "2012.08.28"]
[Round "1.34"]
[Board "1"]
[White "Sharevich, Anna"]
[Black "Jalloul, Maya M."]
[Result "1-0"]
[WhiteTitle "WGM"]
[BlackTitle "WFM"]
[WhiteElo "2261"]
[BlackElo "1923"]
[WhiteTeam "Belarus"]
[BlackTeam "Lebanon"]
[WhiteFideId "13503189"]
[BlackFideId "5300800"]
[EventDate "2012.08.28"]

1. d4 Nf6 2. c4 g6 3. Nc3 Bg7 4. e4 d6 5. Bg5 O-O 6. Qd2 c5 7. d5 a6 8. a4 e6 9.
Be2 exd5 10. exd5 Re8 11. Nf3 Bg4 12. O-O Nbd7 13. h3 Bxf3 14. Bxf3 Qc7 15. Bh6
Ne5 16. Be2 Re7 17. Bxg7 Kxg7 18. f4 Ned7 19. Bd3 Rae8 20. Rf3 Qa5 21. g4 Kg8
22. Raf1 Qd8 23. Rg3 Rf8 24. Rg2 Ree8 25. Kh2 Nb6 26. b3 Nc8 27. g5 Nh5 28. Ne4
f5 29. gxf6 Nxf6 30. Ng5 Qd7 31. f5 Ne7 32. Ne6 Rf7 33. fxg6 Nxg6 34. Bxg6 hxg6
35. Rxg6+ 1-0

[Event "40th Olympiad Women"]
[Site "Istanbul TUR"]
[Date "2012.08.28"]
[Round "1.34"]
[Board "2"]
[White "Makhlouf, Youmna"]
[Black "Stetsko, Lanita"]
[Result "0-1"]
[WhiteTitle "WFM"]
[BlackTitle "FM"]
[WhiteElo "1950"]
[BlackElo "2130"]
[WhiteTeam "Lebanon"]
[BlackTeam "Belarus"]
[WhiteFideId "5300819"]
[BlackFideId "13505300"]
[EventDate "2012.08.28"]

1. d4 Nf6 2. c4 e6 3. Nf3 d5 4. Nc3 Bb4 5. Bf4 dxc4 6. Qa4+ Nc6 7. a3 Bxc3+ 8.
bxc3 Nd5 9. Bg5 f6 10. Bd2 Nb6 11. Qb5 Qe7 12. e4 Bd7 13. Qh5+ g6 14. Qh4 e5 15.
Be2 O-O-O 16. d5 Na5 17. O-O Nb3 18. Ra2 h5 19. Qg3 Nc5 20. Qh4 Rdg8 21. Raa1 0-1

[Event "40th Olympiad Women"]
[Site "Istanbul TUR"]
[Date "2012.08.28"]
[Round "1.35"]
[Board "1"]
[White "Wang, Chengjia"]
[Black "Cori T., Deysi"]
[Result "0-1"]
[BlackTitle "WGM"]
[WhiteElo "1988"]
[BlackElo "2413"]
[WhiteTeam "South Korea"]
[BlackTeam "Peru"]
[WhiteFideId "8601844"]
[BlackFideId "3801934"]
[EventDate "2012.08.28"]

1. e4 e6 2. d4 d5 3. Nd2 Nf6 4. e5 Nfd7 5. Ngf3 c5 6. c3 Nc6 7. Bb5 Qb6 8. Bxc6
bxc6 9. O-O Be7 10. Re1 O-O 11. Nb3 cxd4 12. Nbxd4 Nc5 13. Be3 Qc7 14. Qc2 Bb7
15. c4 Qd7 16. Rad1 Ne4 17. Nd2 Nxd2 18. Bxd2 c5 19. Re3 cxd4 20. Rh3 g6 21. Bh6
dxc4 22. Bxf8 Qd5 23. Rg3 Bxf8 24. b3 c3 25. f4 Rc8 26. Rgd3 Ba6 27. Rh3 d3 28.
Rhxd3 Bxd3 29. Rxd3 Qxd3 0-1

[Event "40th Olympiad Women"]
[Site "Istanbul TUR"]
[Date "2012.08.28"]
[Round "1.35"]
[Board "2"]
[White "Aliaga Fernandez, Ingrid Y"]
[Black "Kim, Taegyeong"]
[Result "1-0"]
[WhiteTitle "WFM"]
[BlackTitle "WCM"]
[WhiteElo "2169"]
[BlackElo "1536"]
[WhiteTeam "Peru"]
[BlackTeam "South Korea"]
[WhiteFideId "3802191"]
[BlackFideId "13200976"]
[EventDate "2012.08.28"]

1. e4 Nf6 2. Nc3 e5 3. Nf3 Nc6 4. Bc4 Nxe4 5. Nxe4 d5 6. Bd3 dxe4 7. Bxe4 Bd6 8.
d3 Bg4 9. h3 Bh5 10. c3 Bg6 11. O-O Bxe4 12. dxe4 Qe7 13. Qe2 O-O-O 14. b4 Kb8
15. a4 Qe8 16. a5 a6 17. Be3 Na7 18. Rfb1 Nb5 19. Rb3 c6 20. Rab1 Bc7 21. c4 Nd4
22. Bxd4 exd4 23. b5 axb5 24. cxb5 d3 25. Rxd3 Rxd3 26. Qxd3 Bxa5 27. Qc4 Kc7
28. e5 Qe6 29. Qf4 Kc8 30. bxc6 bxc6 31. Qa4 Qd5 32. Ra1 Bc7 33. Qa8+ Bb8 34.
Rb1 Kd7 35. Rxb8 Rxb8 36. Qxb8 g6 37. Qb7+ Ke6 38. Qc8+ Ke7 39. Qc7+ Ke8 40. Qd6
Qxd6 41. exd6 h6 42. Ne5 c5 43. Kf1 f6 44. Nxg6 Kd7 45. Ke2 Kxd6 46. Kd3 Kd5 47.
Nf4+ Ke5 48. Ne2 Kd5 49. Nc3+ 1-0

[Event "40th Olympiad Women"]
[Site "Istanbul TUR"]
[Date "2012.08.28"]
[Round "1.35"]
[Board "3"]
[White "Byun, Sungwon"]
[Black "Casusol, Cecilia"]
[Result "0-1"]
[WhiteTitle "WCM"]
[WhiteElo "1566"]
[BlackElo "2030"]
[WhiteTeam "South Korea"]
[BlackTeam "Peru"]
[WhiteFideId "13200852"]
[BlackFideId "3803163"]
[EventDate "2012.08.28"]

1. e4 c5 2. Nf3 Nc6 3. d4 cxd4 4. Nxd4 Nf6 5. Nc3 e5 6. Ndb5 d6 7. Bg5 a6 8. Na3
b5 9. Nd5 Be7 10. Bxf6 Bxf6 11. c3 Bg5 12. Nc2 O-O 13. a4 bxa4 14. Rxa4 a5 15.
b4 Be6 16. Bb5 Ne7 17. Nxe7+ Bxe7 18. O-O Qc7 19. Qd3 Rfc8 20. bxa5 Bb3 21. Ra3
Bxc2 22. Qxc2 Rxa5 23. Rxa5 Qxa5 24. Qa4 Qxa4 25. Bxa4 Rxc3 26. Re1 g6 27. h3
Bd8 28. f3 Kg7 29. Rb1 f5 30. Rb7+ Kh6 31. Bb3 Bh4 32. exf5 Bg3 33. Kf1 Re3 0-1

[Event "40th Olympiad Women"]
[Site "Istanbul TUR"]
[Date "2012.08.28"]
[Round "1.35"]
[Board "4"]
[White "Chumpitaz, Ann"]
[Black "Cho, Yeonhee"]
[Result "1-0"]
[WhiteTitle "WFM"]
[WhiteElo "2160"]
[BlackElo "1542"]
[WhiteTeam "Peru"]
[BlackTeam "South Korea"]
[WhiteFideId "3804178"]
[BlackFideId "13201190"]
[EventDate "2012.08.28"]

1. e4 e5 2. Nf3 Nc6 3. Bb5 a6 4. Ba4 Nf6 5. O-O Nxe4 6. d4 exd4 7. Re1 d5 8.
Nxd4 Bd6 9. Nxc6 Bxh2+ 10. Kf1 Qh4 11. Qf3 O-O 12. Nd4 Bg4 13. Rxe4 dxe4 14.
Qxe4 Rad8 15. c3 b5 16. Nf3 Qh5 17. Bc2 Rfe8 18. Qb7 Bd6 19. Be3 Bc5 20. Kg1
Bxe3 21. fxe3 Rxe3 22. Qxc7 Rde8 23. Nbd2 Bxf3 24. Nxf3 Qg4 25. Rf1 Re2 26. Rf2
Rxf2 27. Kxf2 Qe6 28. Bb3 Qf5 29. Qc6 Rd8 30. Qxa6 g6 31. Kg1 Re8 32. Qa7 Re2
33. Qd4 h6 34. Bd5 Rxb2 35. Be4 Qe6 36. Ne5 Qf6 37. Bd5 Rb1+ 38. Kh2 Qg5 39.
Bxf7+ Kh7 40. Bxg6+ Kg8 41. Qd5+ 1-0

[Event "40th Olympiad Women"]
[Site "Istanbul TUR"]
[Date "2012.08.28"]
[Round "1.36"]
[Board "2"]
[White "Amoko, Ivy Claire"]
[Black "Heinatz, Gundula"]
[Result "0-1"]
[BlackTitle "WIM"]
[WhiteElo "1705"]
[BlackElo "2197"]
[WhiteTeam "Uganda"]
[BlackTeam "Switzerland"]
[WhiteFideId "10000291"]
[BlackFideId "4612434"]
[EventDate "2012.08.28"]

1. e4 c5 2. Nf3 Nc6 3. d4 cxd4 4. Nxd4 g6 5. c4 Nf6 6. Nc3 Nxd4 7. Qxd4 d6 8.
Be3 Bg7 9. Be2 O-O 10. Qd2 Be6 11. f3 Nd7 12. O-O a5 13. Rac1 Nc5 14. Rfd1 Qb6
15. Na4 Qc6 16. Nc3 a4 17. Bh6 Qb6 18. Be3 Rfc8 19. Rc2 Qa5 20. Bd4 f6 21. Qe3
b6 22. Nd5 Kf7 23. b4 axb3 24. axb3 Bxd5 25. exd5 Re8 26. Rb1 e5 27. dxe6+ Rxe6
28. Qc1 Rae8 29. Bc3 Qa7 30. Bf1 Re3 31. Qd1 Qe7 32. Qd5+ Qe6 33. Qxe6+ Nxe6 34.
Kf2 Bh6 35. Rd1 Ke7 36. g3 Ra8 37. f4 Rxc3 38. Rxc3 Ra2+ 39. Be2 f5 40. b4 Rb2
41. b5 Nc5 42. Kf1 Bg7 43. Ra3 Ne4 44. Ra7+ Kf6 45. Rb7 g5 46. fxg5+ Kg6 47.
Rxb6 Kxg5 48. Rb7 Kg6 49. Rd3 Be5 50. Rb6 Kf7 51. Rb7+ Kg6 52. Rd7 h6 53. Rd1
Kf6 54. Ra7 f4 55. Bd3 Nf2 56. Be2 Nxd1 57. Bxd1 Rb1 58. Ke2 f3+ 59. Kxf3 Rxd1
60. Ra8 Rd3+ 61. Kg2 Rb3 62. Rf8+ Ke7 63. Ra8 Bd4 64. Rb8 Rb4 65. Rc8 Kd7 66.
Rc6 Bc5 67. Ra6 Rxc4 68. h4 Rb4 69. Kf3 Rxb5 70. g4 Rb3+ 71. Ke4 Ke6 72. Kf4 Bd4
73. h5 Be5+ 74. Ke4 Rb4+ 75. Kf3 Rf4+ 76. Ke3 Rxg4 0-1

[Event "40th Olympiad Women"]
[Site "Istanbul TUR"]
[Date "2012.08.28"]
[Round "1.37"]
[Board "1"]
[White "Al-khelaifi, Aisha"]
[Black "Boric, Elena"]
[Result "0-1"]
[BlackTitle "WIM"]
[WhiteElo "1688"]
[BlackElo "2319"]
[WhiteTeam "Qatar"]
[BlackTeam "Bosnia & Herzegovina"]
[WhiteFideId "12100625"]
[BlackFideId "14400839"]
[EventDate "2012.08.28"]

1. e4 Nf6 2. e5 Nd5 3. Nc3 e6 4. Bc4 Nxc3 5. dxc3 d5 6. Bd3 c5 7. b3 Qc7 8. Qe2
c4 9. bxc4 b5 10. c5 a6 11. Bd2 Nd7 12. a4 bxa4 13. Rxa4 Qxe5 14. c6 Qxe2+ 15.
Bxe2 Nb6 16. Ra2 Kd8 17. Nf3 f6 18. O-O Kc7 19. Rfa1 Bc5 20. Bxa6 Bxa6 21. Rxa6
Rxa6 22. Rxa6 Nc4 23. Be1 Rb8 24. Kf1 e5 25. Ke2 Rb2 26. Kd1 Rb1+ 27. Ke2 Rc1
28. Ra2 Kxc6 29. Nd2 Na3 30. f3 Rxc2 31. Rxc2 Nxc2 32. Bg3 Ne3 33. Kd3 Nxg2 34.
c4 h5 35. cxd5+ Kxd5 36. Ne4 h4 37. Bf2 Nf4+ 38. Kd2 Bb4+ 39. Ke3 f5 40. Ng5
Bc5+ 41. Kd2 Bxf2 0-1

[Event "40th Olympiad Women"]
[Site "Istanbul TUR"]
[Date "2012.08.28"]
[Round "1.37"]
[Board "2"]
[White "Dimitrijevic, Aleksandra"]
[Black "Al-khulaifi, Ghada"]
[Result "1-0"]
[WhiteTitle "WFM"]
[WhiteElo "2280"]
[BlackElo "1646"]
[WhiteTeam "Bosnia & Herzegovina"]
[BlackTeam "Qatar"]
[WhiteFideId "929239"]
[BlackFideId "12100633"]
[EventDate "2012.08.28"]

1. c4 e6 2. d4 d5 3. Nf3 f5 4. g3 c6 5. Bg2 Nf6 6. O-O Bd6 7. Nc3 O-O 8. Qc2 Qe8
9. b3 Qh5 10. a4 Ne4 11. a5 Nd7 12. cxd5 exd5 13. a6 Ndf6 14. axb7 Bxb7 15. Ba3
Bxa3 16. Rxa3 Rfe8 17. e3 Bc8 18. Ne2 Bd7 19. Nf4 Qh6 20. Rfa1 Ng4 21. Nd3 Ng5
22. Nxg5 Qxh2+ 23. Kf1 Rxe3 24. Rxa7 Rae8 25. Re1 Rxg3 26. fxg3 Rxe1+ 27. Nxe1
g6 28. Bxd5+ cxd5 29. Qxh2 Nxh2+ 30. Kg2 Ng4 31. Rxd7 1-0